| 000 | 00461nam a2200181Ia 4500 | ||
|---|---|---|---|
| 001 | 25353 | ||
| 005 | 20260414151144.0 | ||
| 008 | 260414t2008||||xx |||||||||||||| ||spa|| | ||
| 041 | _aESP | ||
| 082 |
_a346.5 _bD59 V. 2 |
||
| 100 |
_aMartÃnez de Aguirre Aldaz, Carlos (coord.) _eAUT |
||
| 245 | 0 |
_aCurso de derecho civil : _bderecho de obligaciones |
|
| 260 | _c2008 | ||
| 300 |
_a _c24 cm. |
||
| 650 | _aDER | ||
| 654 | _aCDE | ||
| 942 |
_cLIB _dJUS _fJUS _2ddc _n |
||
| 999 |
_c25353 _d25353 |
||